Inundaciones catastróficas
Publicado:
San Jorge, núm. 84 (4t trimestre 1971), pàg 149 - 152 :
Materias:
Inundacions -- Catalunya -- 1971
MARC
| LEADER | 00000nam a2200000Ia 4500 | ||
|---|---|---|---|
| 001 | |||
| 008 | 160829s9999 xx 000 0 cat d | ||
| 245 | |a Inundaciones catastróficas | ||
| 260 | |a San Jorge, núm. 84 (4t trimestre 1971), pàg 149 - 152 | ||
| 650 | |a Inundacions |x Catalunya |x 1971 |9 41610 | ||
| 901 | |a Arxiu | ||
| 942 | |n 1 | ||
| 952 | |0 0 |1 0 |4 0 |7 1 |9 50324 |a Arxiu |b Arxiu |d 2016-12-01 |l 0 |r 2016-12-01 00:00:00 |w 2016-12-01 |y ARXIU | ||
| 999 | |c 54166 |d 54166 | ||